000 01216nam a22002897a 4500
999 _c43925
_d43925
001 17261
003 CO-MdFUSB
005 20190202100318.0
008 180418t1978 xxu||||| |||| 00| 0 eng d
020 _a0-8254-2129-2 : Donación
040 _aCO-MdFUSB
_bspa
_cCO-MdFUSB
_dCO-MdFUSBC
_erda
041 0 _aeng
082 0 4 _aG 227.87 A5451t
100 1 _aAnderson, Robert (1841-1918)
_eautor
245 0 _aTypes in hebrews
_c / Robert Anderson
250 _a2
264 4 _aGrand Rapids, Michigan:
_bKregel Publications,
_c©1978
300 _a184 p.
336 _2rdacontent
_atexto
_btxt
337 _2rdamedia
_asin mediación
_bn
338 _2rdacarrier
_avolumen
_bnc
505 0 0 _aAutoría -- Otro testimonio -- Hebreos en el Antiguo Testamento -- sacerdocio -- la deidad de Cristo impuesto -- aspetos de su obra -- un gran sacerdote -- ¿por qué el tabernáculo? -- los patriarcas -- triunfos de la fe -- realidades celestiales -- su provisión completa -- cristianismo es Cristo -- Apéndices: los sacerdotes de la Cristiandad, la doctrina de la sangre, la parousia, la iglesia visible
650 0 _aBiblia
_916
653 _aBiblia N.T. - Hebreos
653 _aBiblia - Comentarios
942 _cBK